Countries Closest to the US - 15 Second Sprint - Statistics

General Stats
  • This quiz has been taken 42 times
  • The average score is 7 of 20
Answer Stats
km country miles % Correct
0 Canada 0
97%
0 Mexico 0
97%
153 Cuba 93
70%
83 Bahamas 53
67%
758 Jamaica 471
50%
4 Russia 2
47%
945 Haiti 579
43%
929 Belize 578
37%
1066 Dominican Republic 663
33%
1068 Guatemala 665
33%
1010 Honduras 608
17%
1080 Nicaragua 671
17%
1339 El Salvador 832
13%
1677 Panama 1042
13%
2080 Antigua and Barbuda 1292
10%
1534 Costa Rica 953
10%
1242 Colombia 772
3%
1664 Kiribati 1034
3%
2005 Saint Kitts and Nevis 1246
3%
1737 Venezuela 1080
3%
No matching quizzes found
Score Distribution
Percent of People with Each Score
Percentile by Number Answered
Your Score History
You have not taken this quiz